Establecimiento termal de Caldas de Besaya, en la línea férrea de Madrid á Santander ... (Record no. 162795)

MARC details
000 -LEADER
campo de control de longitud fija 00882nam a2200205 i 4500
001 - NÚMERO DE CONTROL
campo de control 162795
003 - IDENTIFICADOR DE NÚMERO DE CONTROL
campo de control ES-MaACL
005 - FECHA Y HORA DE LA ÚLTIMA TRANSACCIÓN
campo de control 20230906212615.0
008 - DATOS DE LONGITUD FIJA--INFORMACIÓN GENERAL
campo de control de longitud fija 050627s1892 sp a |||| | spa d
040 ## - FUENTE DE CATALOGACIÓN
Centro catalogador/agencia de origen CAM
Lengua de catalogación spa
Centro/agencia transcriptor CAM
100 1# - ENTRADA PRINCIPAL--NOMBRE DE PERSONA
Nombre de persona Quesada y Agius, Balbino.
9 (RLIN) 131511
245 10 - MENCIÓN DEL TÍTULO
Título Establecimiento termal de Caldas de Besaya, en la línea férrea de Madrid á Santander ...
Resto del título : breves consideraciones sobre la hidrología médica de las Caldas /
Mención de responsabilidad, etc. por ... Quesada.
260 ## - PUBLICACIÓN, DISTRIBUCIÓN, ETC.
Lugar de publicación, distribución, etc. Santander :
Nombre del editor, distribuidor, etc. [s.n.],
Fecha de publicación, distribución, etc. 1892 (
Fabricante Imp. y lit. de Telesforo Martínez)
300 ## - DESCRIPCIÓN FÍSICA
Extensión 29 p. :
Otras características físicas il. ;
Dimensiones 21 cm.
650 #4 - PUNTO DE ACCESO ADICIONAL DE MATERIA--TÉRMINO DE MATERIA
Término de materia o nombre geográfico como elemento de entrada Aguas minerales-
Subdivisión geográfica Las Caldas de Besaya.
9 (RLIN) 135521
650 ## - PUNTO DE ACCESO ADICIONAL DE MATERIA--TÉRMINO DE MATERIA
Término de materia o nombre geográfico como elemento de entrada Balnearios-
Subdivisión geográfica Caldas de Besaya (Santander)
9 (RLIN) 135665
852 ## - LOCALIZACIÓN
Ubicación ES-MaACL
Número de control de estantería T-684-F-1
Nota libre -- Enc. hol., conservando la enc. original
-- -- Enc. en un vol. facticio
852 ## - LOCALIZACIÓN
Ubicación ES-MaACL
Número de control de estantería T-578-F-6
Holdings
Estatus retirado Estado de pérdida Estado de daño No para préstamo Colección Biblioteca de origen Biblioteca actual Ubicación en estantería Fecha de adquisición Fuente de adquisición Total de préstamos Signatura topográfica completa Código de barras Visto por última vez Precio de reemplazo Tipo de ítem Koha
        Colección de folletos Biblioteca del Ateneo de Madrid Biblioteca del Ateneo de Madrid Depósito folletos 09/05/2005     T-578-F-6 1201923 23/02/2023 23/02/2023 Folleto
        Colección de folletos Biblioteca del Ateneo de Madrid Biblioteca del Ateneo de Madrid Depósito folletos 17/01/2008     T-684-F-1 1170565 23/02/2023 23/02/2023 Folleto